000 01586cam a22004217a 4500
003 CHAP
005 20220817041339.0
008 971013s1977 r 00010 d
010 _a11822
011 _a12794
035 _a16473
040 _cCHAP
090 _aFolleto 6214
110 2 _aFAO
245 1 0 _aResistencia de las plagas a los plaguicidas y evaluación de las pérdidas agrícolas
260 _aRoma :
_bFAO,
_c1977-78
300 _a3 v.
490 0 _aFAO. Producción y protección vegetal
_v; 6, 6/2, 6/3
590 _aBATCH-UPD
_b10
_c20130110
_lUCH01
_h0939
590 _aBATCH-UPD
_b10
_c20130410
_lUCH01
_h0556
590 _aBATCH-UPD
_b10
_c20130914
_lUCH01
_h0021
590 _aCONVERSION
_b10
_c20130109
_lUCH01
_h1308
650 1 4 _aAgricultura
_xPlagas.
_91764
650 1 4 _aCereales
_xAlmacenamiento
_xPlagas.
_921378
650 1 4 _aCosechas
_xPérdidas de.
_928443
650 1 4 _aInsectos
_xResistencia a insecticidas.
_958941
650 1 4 _aPesticidas.
_987536
830 0 _aFAO. Producción y protección vegetal
_v; 6, 6/2, 6/3
_939654
901 _aBK
942 _cFOLL
949 _aFolleto 6214
_bBC
_cFAO
_d-147522
_eFAO1
_fv.1
_i16473
_si
949 _aFolleto 6214
_bBC
_cFAO
_d-147523
_eFAO2
_fv.1 c.2
_i16473
_si
949 _aFolleto 6214
_bBC
_cFAO
_d-147524
_eFAO1
_fv.2
_i16473
_si
949 _aFolleto 6214
_bBC
_cFAO
_d-147525
_eFAO2
_fv.2 c.2
_i16473
_si
949 _aFolleto 6214
_bBC
_cFAO
_d-147526
_eFAO2
_fv.2 c.3
_i16473
_si
949 _aFolleto 6214
_bBC
_cFAO
_d-147527
_eFAO1
_fv.3
_i16473
_si
949 _aFolleto 6214
_bBC
_cFAO
_d-147528
_eFAO2
_fv.3 c.2
_i16473
_si
999 _c11822
_d11822